Statistieken voor Oost-Aziatische Steden met kaart

Klik hier om de quiz te nemen!

Algemene statistieken

  • Deze quiz is 1.088 keer genomen
  • De gemiddelde score is 21 van 28

Antwoorden op de kaart

Antwoorden kleurgecodeerd door een groen-rode schaal op de quizkaart volgens % correct hieronder.
 

Antwoordstatistieken

Antwoord% Correct
Seoel
92%
Pyongyang
89%
Tokio
89%
Jakarta
86%
Peking
83%
Bangkok
82%
Manilla
81%
Singapore
81%
Taipei
81%
Ulaanbaatar
81%
Vladivostok
81%
Delhi
78%
Hongkong
78%
Kuala Lumpur
78%
Shanghai
78%
Osaka
75%
Kathmandu
73%
Mumbai
72%
Dhaka
70%
Ho Chi Minh-stad
70%
Hanoi
67%
Colombo
65%
Sapporo
61%
Calcutta
55%
Bangalore
54%
Chengdu
54%
Yangon
49%
Lhasa
48%

Scoreverdeling

Percentiel versus Aantal Correcte Antwoorden

Procent van Mensen met Elke Score

Uw Scoregeschiedenis

U heeft deze quiz nog niet genomen